00373nam a2200109Ia 4500008004100000100003000041245006500071260001900136300001700155650001800172856007300190160712s9999 xx 000 0 und d aCabanes, Jason Vincent A. cJason Vincent A. CabanesaWestern Concepts in Asian Contexts c2011bPlaridel avol. 8 no. 1 xCOMMUNICATION uhttp://journals.upd.edu.ph/index.php/plaridel/issue/view/256/showToc